Odd One Out: Sit-Com Squads - Statistics

General Stats
  • This quiz has been taken 17 times
  • The average score is 23 of 30
Answer Stats
Question Answer % Correct
... Seinfeld? Carl Benjamin
100%
... Modern Family? Clayton Hurst
100%
... Parks and Recreation? Clayton Perry
100%
... Frasier? David Jackson
100%
... The Big Bang Theory? Elias Hays
100%
... The Office? Elliott Tucker
100%
... Happy Days? Giovanna Roberts
100%
... The King of Queens? Gus Callahan
100%
... Friends? Hannah Holland
100%
... Everybody Loves Raymond? Joey Barone
100%
... Sex and the City? Kate Fitzgerald
100%
... How I Met Your Mother? Mary-Jane Doyle
100%
... That 70s Show? Reid Schwartz
100%
... Full House? Rowan Jennings
100%
... Roseanne? Shayna Conner
100%
... Brooklyn Nine-Nine? Sydney Briggs
100%
... Family Ties? Tyler Keaton
100%
... Its Always Sunny in Philadelphia? Britney Farmer
50%
... One Day At A Time? Christine
50%
... 30 Rock? Cory Gross
50%
... Arrested Development? Dustin Bluth
50%
Who is not a squad member from... Cheers? Jack Saunders
50%
... The Brady Bunch? Jeff Brady
50%
...3rd Rock From The Sun? Matthew Beltran
50%
... Bewitched? Orlando
50%
... The Good Place? Ralph Jensen
50%
... BoJack Horseman? Savannah Murray
50%
... Schitt's Creek? Zachary Rose
50%
... Unbreakable Kimmy Schmidt? Joyce Kaufman
0%
... Gavin and Stacey? Oscar Marsh
0%
No matching quizzes found
Score Distribution
Percent of People with Each Score
Percentile by Number Answered
Your Score History
You have not taken this quiz